Beseda

Bibliographic Details
Format: Serial
Language:Czech
Published: V Praze E. Grégra 1863-1866

MARC

LEADER 00000cas a22000004a 4500
001 vtls001378259
003 SK-MaSNL
005 20260221112415.0
008 180810d18631966xr jr 0 0b0cze c
035 |a SNK000332222 
040 |a SNK  |b slo  |c SNK  |e AACR2 
041 0 |a cze 
044 |a xr  |c CZ 
245 0 0 |a Beseda 
260 |a V Praze  |b E. Grégra  |c 1863-1866 
362 0 |a Roč. 1 (1863/64)-roč. 3 (1865/66) 
910 |a snk 
999 |c 286  |d 2216 
952 |0 0  |1 1  |4 0  |7 0  |a SNK  |b SNK  |d 1999-11-30  |l 0  |o snkČB 152/1/1864  |p 17A0220297  |r 2005-01-02 00:00:00  |t č. 1-36  |w 2026-02-21  |y PREZ